| 000 | 00795nam a2200205Ii 4500 | ||
|---|---|---|---|
| 003 | JO-AjNU | ||
| 008 | 230605s9999||||xx |||||||||||||| ||und|| | ||
| 040 |
_aJO-AjNU _bara _erda _cJO-AjNU |
||
| 041 | _aara | ||
| 050 | 1 | 4 | _aBP184.9.F8.I2682 1997 |
| 100 | 3 |
_aابن تيمية، أحمد ؛ اخراج الاحاديث وتعليق: أبو يعلى محمد أيمن الشبراوي, _eauthor _916235 |
|
| 245 | 0 | 0 | _aالجواب الباهر في زوار المقابر |
| 250 | _aط1 | ||
| 264 | 3 | 1 | _aبيروت: دار الجيل، 1997 |
| 300 |
_a192ص _bيتضمن فهارس عامة ص149-192 |
||
| 336 |
_atext _btxt _2rdacontent |
||
| 337 |
_aunmediated _bn _2rdamedia |
||
| 338 |
_avolume _bnc _2rdacarrier |
||
| 650 | 4 |
_aالمقابر- زيارة- الفقه الاسلامي _916236 |
|
| 999 |
_aA4766 _c8334 _d8334 |
||